[Event "World ol U16"]
[Site "Konya"]
[Date "2018.12.02"]
[Round "9.16"]
[White "Kong, Ren En"]
[Black "Ozturk, Efe Hakan"]
[Result "1-0"]
[WhiteElo "2059"]
[BlackElo "2083"]
[PlyCount "80"]
[EventDate "2018.11.25"]
[EventType "team-swiss"]
[EventRounds "9"]
[EventCountry "TUR"]
[SourceTitle "CBM 187 Extra"]
[Source "ChessBase"]
[SourceDate "2018.11.04"]
[SourceVersion "1"]
[SourceVersionDate "2018.11.04"]
[SourceQuality "1"]
[WhiteTeam "Malaysia"]
[BlackTeam "Turkey Turquaz"]
[WhiteTeamCountry "MAS"]
[BlackTeamCountry "TUR"]

1. d4 Nf6 2. c4 e6 3. Nc3 d5 4. cxd5 exd5 5. Bg5 c6 6. e3 Be7 7. Bd3 Nbd7 8. Nge2 Nf8 9. Qc2 Ne6 10. Bh4 g6 11. 0-0 0-0 12. f3 b6 13. Bf2 c5 14. Qd2 Bb7 15. Rac1 Qd7 16. dxc5 bxc5 17. Rfd1 Rfd8 18. Bb5 Qc7 19. Ba4 Qb6 20. Bb3 Rac8 21. Qe1 Bc6 22. Nf4 c4 23. Nxe6 fxe6 24. Ba4 e5 25. Bxc6 Qxc6 26. Bh4 Rd7 27. b3 Ba3 28. Rc2 Bb4 29. bxc4 d4 30. Bxf6 Bxc3 31. Rxc3 dxc3 32. Rxd7 Qxd7 33. Qxc3 Qe6 34. Qxe5 Qxe5 35. Bxe5 Rxc4 36. a3 Kf7 37. Kf2 Ke6 38. Bd4 a5 39. g4 Kd5 40. Bf6 Rc6 1-0

[Event "Pardubice Czech op-B 29th"]
[Site "Pardubice"]
[Date "2018.07.28"]
[Round "9"]
[White "Kong, Ren En"]
[Black "Hiemer, Bernd"]
[Result "0-1"]
[WhiteElo "1859"]
[BlackElo "2014"]
[PlyCount "72"]
[EventDate "2018.07.20"]
[EventType "swiss"]
[EventRounds "9"]
[EventCountry "CZE"]
[SourceTitle "CBM 186 Extra"]
[Source "ChessBase"]
[SourceDate "2018.08.24"]
[SourceVersion "1"]
[SourceVersionDate "2018.08.24"]
[SourceQuality "1"]

1. d4 Nf6 2. c4 g6 3. Nc3 Bg7 4. e4 d6 5. f3 0-0 6. Be3 c6 7. Nge2 a6 8. c5 Nbd7 9. Ng3 Rb8 10. Be2 h5 11. 0-0 b5 12. cxb6 Qxb6 13. Na4 Qa5 14. b3 h4 15. Nh1 Bb7 16. Bd2 Qd8 17. Rc1 e5 18. Bc3 Nh5 19. dxe5 dxe5 20. Nf2 Nf4 21. Nd3 Ne6 22. Qd2 c5 23. Ba5 Qe7 24. Naxc5 Ndxc5 25. Nxc5 Nxc5 26. Bb4 Rfc8 27. Qe3 Bf8 28. Rc2 Rc7 29. Rfc1 Rbc8 30. Bc4 Qf6 31. Bxf7+ Rxf7 32. Bxc5 Bxc5 33. Rxc5 Rxc5 34. Qxc5 Qg5 35. Rc3 h3 36. Qf2 Rd7 0-1

[Event "Pardubice Czech op-B 29th"]
[Site "Pardubice"]
[Date "2018.07.22"]
[Round "3"]
[White "Kokes, Bohuslav"]
[Black "Kong, Ren En"]
[Result "0-1"]
[WhiteElo "2030"]
[BlackElo "1859"]
[PlyCount "82"]
[EventDate "2018.07.20"]
[EventType "swiss"]
[EventRounds "9"]
[EventCountry "CZE"]
[SourceTitle "CBM 186 Extra"]
[Source "ChessBase"]
[SourceDate "2018.08.24"]
[SourceVersion "1"]
[SourceVersionDate "2018.08.24"]
[SourceQuality "1"]

1. e4 c5 2. Nf3 g6 3. d4 cxd4 4. Nxd4 Nc6 5. Nc3 Bg7 6. Be3 Nf6 7. Bc4 Qa5 8. 0-0 0-0 9. Bb3 d6 10. h3 Bd7 11. f4 Rac8 12. Nde2 b5 13. a3 Qd8 14. g4 Na5 15. Ng3 Nc4 16. Bxc4 Rxc4 17. Qd3 Qc7 18. g5 Nh5 19. Nxh5 gxh5 20. Nd5 Qb7 21. b3 Rc5 22. Nxe7+ Kh8 23. Bd4 Bxh3 24. Bxg7+ Kxg7 25. Qd4+ f6 26. gxf6+ Rxf6 27. Nd5 Rxd5 28. exd5 Bxf1 29. Rxf1 Qe7 30. Kf2 Kh6 31. Re1 Qf7 32. Kf3 h4 33. Rg1 Qh5+ 34. Ke3 Rg6 35. Rg5 Rxg5 36. Qf6+ Qg6 37. fxg5+ Kh5 38. Kf4 Qxf6+ 39. gxf6 Kg6 40. c4 bxc4 41. bxc4 Kxf6 0-1

[Event "Pardubice Czech op-J 29th"]
[Site "Pardubice"]
[Date "2018.07.18"]
[Round "7"]
[White "Kong, Ren En"]
[Black "Wiegers, Kasper"]
[Result "1-0"]
[WhiteElo "1859"]
[BlackElo "1908"]
[PlyCount "123"]
[EventDate "2018.07.13"]
[EventType "swiss"]
[EventRounds "7"]
[EventCountry "CZE"]
[SourceTitle "EXT 2019"]
[Source "ChessBase"]
[SourceDate "2018.10.10"]
[SourceVersion "1"]
[SourceVersionDate "2018.10.10"]
[SourceQuality "1"]

1. d4 Nf6 2. c4 c5 3. d5 e5 4. Nc3 d6 5. e4 Be7 6. Bd3 Nbd7 7. Nge2 Nf8 8. f3 Ng6 9. Be3 0-0 10. Qd2 Ne8 11. 0-0-0 f5 12. exf5 Bxf5 13. Ne4 a6 14. Kb1 Nc7 15. Nxc5 b5 16. Bxf5 Rxf5 17. cxb5 Nxb5 18. Ne6 Qb8 19. Qd3 Rf7 20. Nc3 e4 21. Nxe4 Ne5 22. Qb3 Bf6 23. Nxf6+ gxf6 24. a4 Na3+ 25. Qxa3 Nc4 26. Qc3 Nxb2 27. Qxb2 Rb7 28. Rd2 Rxb2+ 29. Rxb2 Qe8 30. Rc1 Qg6+ 31. Rcc2 Qd3 32. Bc1 Rc8 33. Nf4 Qf5 34. g4 Qd7 35. Ne6 Rxc2 36. Rxc2 Qb7+ 37. Bb2 Qxd5 38. Nd4 h5 39. gxh5 Qxh5 40. Bc3 Qh3 41. a5 Kf7 42. Kb2 Qd7 43. Re2 Qb7+ 44. Kc2 Qd5 45. Kd3 Qc5 46. Re4 d5 47. Rf4 Qc4+ 48. Kd2 Kg6 49. h4 Qa2+ 50. Nc2 f5 51. Rd4 Kh5 52. Rb4 Qxa5 53. Rf4 Qb6 54. Rxf5+ Kxh4 55. Bf6+ Kg3 56. Be5+ Kh4 57. Nd4 Qb2+ 58. Ke3 Qc1+ 59. Kf2 Qh6 60. Ne2 Qb6+ 61. Kg2 Qg6+ 62. Bg3+ 1-0

[Event "Pardubice Czech op-J 29th"]
[Site "Pardubice"]
[Date "2018.07.16"]
[Round "5"]
[White "Kong, Ren En"]
[Black "Skliarov, Viktor"]
[Result "0-1"]
[WhiteElo "1859"]
[BlackElo "2357"]
[PlyCount "120"]
[EventDate "2018.07.13"]
[EventType "swiss"]
[EventRounds "7"]
[EventCountry "CZE"]
[SourceTitle "EXT 2019"]
[Source "ChessBase"]
[SourceDate "2018.10.10"]
[SourceVersion "1"]
[SourceVersionDate "2018.10.10"]
[SourceQuality "1"]

1. d4 Nf6 2. c4 e6 3. Nc3 Bb4 4. e3 b6 5. Nge2 Ne4 6. Bd2 Nxd2 7. Qxd2 Bb7 8. a3 Bd6 9. d5 Na6 10. b4 c5 11. b5 Nc7 12. Ng3 f5 13. Rd1 0-0 14. Bd3 Qh4 15. f4 Rf6 16. Qf2 g5 17. 0-0 Rh6 18. h3 Rf8 19. Nge2 exd5 20. cxd5 gxf4 21. Qxh4 Rxh4 22. Nxf4 Be5 23. Nce2 Ne8 24. Ng3 Nd6 25. Bb1 a6 26. a4 axb5 27. axb5 Rh6 28. Rf3 Rhf6 29. Rdf1 R6f7 30. Nfh5 Bxg3 31. Nxg3 Bxd5 32. Nxf5 Bxf3 33. Nh6+ Kg7 34. Nxf7 Bxg2 35. Rd1 Nxf7 36. Kxg2 d6 37. Ba2 Rd8 38. Kf3 Ng5+ 39. Kg4 h6 40. Bd5 Re8 41. h4 Nh7 42. Rg1 Re5 43. Kf4+ Kf6 44. Be4 Nf8 45. Rd1 Ne6+ 46. Kf3 Ke7 47. Ra1 d5 48. Ra7+ Kd6 49. Bg6 c4 50. e4 d4 51. Be8 Nc7 52. Bf7 Nxb5 53. Ra4 c3 54. Bb3 d3 55. Ke3 c2 56. Kd2 Rc5 57. Rc4 Na3 58. Rxc5 bxc5 59. h5 c4 60. Ba2 c3+ 0-1

[Event "Hong Kong Jolimark op"]
[Site "Hong Kong"]
[Date "2016.12.29"]
[Round "8"]
[White "Kong, Ren En"]
[Black "Chong, Chor Yuen"]
[Result "0-1"]
[WhiteElo "1541"]
[BlackElo "2015"]
[PlyCount "68"]
[EventDate "2016.12.26"]
[EventType "swiss"]
[EventRounds "9"]
[EventCountry "HKG"]
[SourceTitle "CBM 176 Extra"]
[Source "ChessBase"]
[SourceDate "2017.03.02"]
[SourceVersion "1"]
[SourceVersionDate "2017.03.02"]
[SourceQuality "1"]

1. d4 Nf6 2. c4 g6 3. Nc3 Bg7 4. e4 d6 5. f3 0-0 6. Be3 e5 7. Nge2 c6 8. Qd2 Nbd7 9. d5 cxd5 10. cxd5 a6 11. a4 Qa5 12. Rb1 Qb4 13. Nc1 Qa5 14. b4 Qd8 15. Be2 Nh5 16. Nd3 f5 17. Nb2 Ndf6 18. 0-0 Nf4 19. Nc4 fxe4 20. fxe4 Nxe2+ 21. Qxe2 Bg4 22. Qd3 Rc8 23. Nb6 Rc7 24. b5 Bd7 25. Rb4 Ng4 26. Rxf8+ Bxf8 27. Nxd7 Rxd7 28. Qe2 Qh4 29. h3 Nxe3 30. Qxe3 Bh6 31. Qe2 Qg3 32. Qf3 Be3+ 33. Kh1 Qe1+ 34. Kh2 Bg1+ 0-1

[Event "Wch U12"]
[Site "Batumi"]
[Date "2016.10.24"]
[Round "6"]
[White "Oosthuizen, Michal Jacobus"]
[Black "Kong, Ren En"]
[Result "1-0"]
[WhiteElo "1329"]
[BlackElo "1574"]
[PlyCount "72"]
[EventDate "2016.10.19"]
[EventType "swiss"]
[EventRounds "11"]
[EventCountry "GEO"]
[SourceTitle "EXT 2018"]
[Source "ChessBase"]
[SourceDate "2017.10.13"]
[SourceVersion "1"]
[SourceVersionDate "2017.10.13"]
[SourceQuality "1"]

1. d4 Nf6 2. Bf4 g6 3. Nf3 Bg7 4. e3 0-0 5. Be2 d6 6. 0-0 Nbd7 7. c3 Re8 8. h3 b6 9. Qb3 Bb7 10. Nbd2 e5 11. dxe5 dxe5 12. Bh2 c5 13. Bc4 Re7 14. Ng5 Qe8 15. Ndf3 Bxf3 16. Nxf3 h6 17. Rad1 Kh7 18. Bb5 a6 19. Bxd7 Nxd7 20. Rd6 b5 21. Qd5 Rd8 22. Rd1 e4 23. Nd2 Be5 24. Bxe5 Rxe5 25. Qb7 c4 26. Nxe4 Rxe4 27. Rxd7 Rxd7 28. Rxd7 Kg7 29. Rxf7+ Qxf7 30. Qxe4 a5 31. Qe5+ Kh7 32. Qxb5 Qc7 33. Qd5 Kg7 34. f4 h5 35. Qe5+ Qxe5 36. fxe5 Kf7 1-0

[Event "Asia-ch U12"]
[Site "Ulaanbaatar"]
[Date "2016.04.08"]
[Round "3"]
[White "Kong, Ren En"]
[Black "Itgelt, Khuyagtsogt"]
[Result "0-1"]
[WhiteElo "1601"]
[BlackElo "1947"]
[PlyCount "80"]
[EventDate "2016.04.06"]
[EventType "swiss"]
[EventRounds "9"]
[EventCountry "MGL"]
[SourceTitle "EXT 2017"]
[Source "ChessBase"]
[SourceDate "2016.10.25"]
[SourceVersion "1"]
[SourceVersionDate "2016.10.25"]
[SourceQuality "1"]

1. d4 Nf6 2. c4 c5 3. d5 b5 4. cxb5 a6 5. bxa6 g6 6. Nf3 Bg7 7. g3 0-0 8. Bg2 d6 9. Nc3 Nbd7 10. 0-0 Nb6 11. e4 Bxa6 12. Re1 Nfd7 13. Bd2 Nc4 14. Rb1 Qa5 15. Qc2 Nde5 16. Nxe5 Nxe5 17. Re3 Ng4 18. Rf3 Ne5 19. Re3 Nc4 20. Ree1 Bd4 21. Bf1 Ne5 22. Be2 Qb6 23. Nd1 Bxe2 24. Rxe2 Nf3+ 25. Kg2 Nxd2 26. Rxd2 Rxa2 27. Qc4 Rfa8 28. Nc3 Bxc3 29. Qxc3 Rb8 30. e5 Qb4 31. exd6 Qe4+ 32. Qf3 Qxb1 33. dxe7 Ra1 34. Qe2 Qh1+ 35. Kh3 Re1 36. Qg4 Rxe7 37. d6 Qf1+ 38. Kh4 Qe1 39. dxe7 Qxd2 40. b4 Qh6+ 0-1